Programming the Web : an introduction

Αποθηκεύτηκε σε:
Λεπτομέρειες βιβλιογραφικής εγγραφής
Κύριος συγγραφέας: Sosinsky, Barrie A.
Άλλοι συγγραφείς: Hilley, Valda
Μορφή: Βιβλίο
Γλώσσα:English
Δημοσίευση: Boston : McGraw-Hill Technology Education, c2004.
Σειρά:Web developer series
Θέματα:
Ετικέτες: Προσθήκη ετικέτας
Δεν υπάρχουν, Καταχωρήστε ετικέτα πρώτοι!

MARC

LEADER 00000cam a2200000 i 4500
001 1/70529
008 050131s2004 mau| ||| |||| ||eng||
020 |a 0072866055 
035 |l 10076256 
040 |a GR-MyUa  |b gre  |e AACR2 
041 0 |a eng 
082 7 |a 006.76   |2 (21) 
100 1 |a Sosinsky, Barrie A. 
245 1 0 |a Programming the Web :   |b an introduction /   |c Barrie Sosinsky, Valda Hilley. 
260 |a Boston :   |b McGraw-Hill Technology Education,   |c c2004. 
300 |a xvii, 396 σ. :   |b έγχρ. εικ. ;   |c 24 εκ. +   |e 1 οπτική δισκέτα λέιζερ Η/Υ (4 3/4 ίν.) 
490 1 |a (Web developer series) 
504 |a Περιλαμβάνει ευρετήριο 
650 0 |a Internet programming. 
650 0 |a Programming languages (Electronic computers) 
650 0 |a World Wide Web. 
700 1 |a Hilley, Valda. 
830 0 |a Web developer series 
852 |a INST  |b SYROS  |e 20050131  |h 006.76 SOS  |p 005500003663  |q 005500003663  |t BK  |y 0 
852 |a INST  |b SYROS  |e 20050131  |h 006.76 SOS cdrom  |p 005500003664  |q 005500003664  |t BK  |y 0 
901 |a BIBL5-2005-1 
920 |a ΔΙΕΥΡΥΝΣΗ  |b ΕΠΕΑΕΚ-ΤΜΣΠΣ  |y Σύρος  |z 2004-10 
970 |a Καγιαβά  |b Ειρήνη  |z 31/01/2005